RRF 2.0: Ein permanenter EU-Investitionsfonds im Kontext von Energiekrise, Klimawandel und EU-Fiskalregeln

Guardado en:
Detalles Bibliográficos
Autor principal: Heimberger, Philipp
Otros Autores: Lichtenberger, Andreas
Formato: Libro
Lenguaje:alemán
Publicado: Vienna Wiener Institut für Internationale Wirtschaftsvergleiche 2022
Materias:
Etiquetas: Agregar Etiqueta
Sin Etiquetas, Sea el primero en etiquetar este registro!

MARC

LEADER 00000nlm a2200000 4500
001 0291204
005 20240416114204.0
041 0 |a ger 
044 |a AT 
245 1 0 |a RRF 2.0: Ein permanenter EU-Investitionsfonds im Kontext von Energiekrise, Klimawandel und EU-Fiskalregeln  |c Philipp Heimberger und Andreas Lichtenberger 
264 1 |a Vienna  |b Wiener Institut für Internationale Wirtschaftsvergleiche  |c 2022 
300 |a 27 s. 
610 2 0 |a investície 
610 2 0 |a financovanie 
610 2 0 |a zmeny klimatické 
610 2 0 |a kríza energetická 
610 2 0 |a politika fiškálna 
610 2 0 |a fondy investičné 
610 2 0 |a investície verejné 
610 2 0 |a pravidlá rozpočtové 
610 2 0 |a Európska únia 
100 1 |a Heimberger, Philipp 
700 1 |a Lichtenberger, Andreas